000 00678nam a2200241 a 4500
001 nice12345678
003 IN_TiNIC
005 20260116014133.0
008 090109s2008 newa grp 000 0 eng
020 _a8125033653
_c395
082 0 0 _a234.13
_bFLU
100 _aFlueckiger, Joyce Burkhalter
245 _aIn Amma`s Healing Room
_b Gender and Vernacular Islam in South India
260 _aNew Delhi
_bOrient Blackswan
_c2008
300 _a294p
500 _aincludes index and biblioraphy
505 2 _agloddary, biblio, index
650 _aHealing-Religious
700 1 _aFlueckiger, Joyce Burkhalter
902 _bSRS
942 _cBK
999 _c14039
_d14039